[Event "FRA-ch Blitz Online Qual"]
[Site "Europe Echecs INT"]
[Date "2020.05.16"]
[Round "15"]
[White "Falip Morales, Tom"]
[Black "Nguyen, Thao Nhi"]
[Result "0-1"]
[WhiteElo "1344"]
[BlackElo "1951"]
[PlyCount "80"]
[EventDate "2020.05.16"]
[EventType "swiss (blitz)"]
[EventRounds "15"]
[EventCountry "FRA"]
[SourceTitle "CBM 196 Extra"]
[Source "ChessBase"]
[SourceDate "2020.07.31"]
[SourceVersion "1"]
[SourceVersionDate "2020.07.31"]
[SourceQuality "1"]

1. e4 Nf6 2. e5 Nd5 3. d4 d6 4. f4 dxe5 5. fxe5 Bf5 6. Nf3 e6 7. Bd3 Bg4 8. 0-0 c5 9. h3 Bxf3 10. Qxf3 Qd7 11. c4 Nb4 12. d5 Nxd3 13. Qxd3 Nc6 14. Bf4 exd5 15. cxd5 Nb4 16. Qe2 Qxd5 17. Rd1 Qc6 18. a3 Nd5 19. Bh2 Be7 20. Qe4 Rd8 21. Nc3 Nxc3 22. Qxc6+ bxc6 23. Rxd8+ Bxd8 24. bxc3 Ba5 25. Rb1 Ke7 26. Rb7+ Ke6 27. Rxa7 Bxc3 28. Rc7 Ra8 29. Rxc6+ Kd5 30. Rd6+ Ke4 31. Rd7 Bd4+ 32. Kf1 Rxa3 33. Rxf7 Ra1+ 34. Ke2 Ra2+ 35. Kf1 c4 36. e6 Ra6 37. e7 Re6 38. Bd6 c3 39. Rf8 c2 40. Ba3 Bc5 0-1

[Event "FRA-ch Blitz Online Qual"]
[Site "Europe Echecs INT"]
[Date "2020.05.16"]
[Round "1"]
[White "Gusev, Mickael"]
[Black "Nguyen, Thao Nhi"]
[Result "0-1"]
[WhiteElo "1032"]
[BlackElo "1951"]
[PlyCount "144"]
[EventDate "2020.05.16"]
[EventType "swiss (blitz)"]
[EventRounds "15"]
[EventCountry "FRA"]
[SourceTitle "CBM 196 Extra"]
[Source "ChessBase"]
[SourceDate "2020.07.31"]
[SourceVersion "1"]
[SourceVersionDate "2020.07.31"]
[SourceQuality "1"]

1. e4 Nf6 2. Nc3 d5 3. exd5 Nxd5 4. Be2 Nxc3 5. dxc3 Qxd1+ 6. Bxd1 e5 7. Ne2 Nc6 8. 0-0 Bc5 9. Re1 0-0 10. b4 Bb6 11. b5 Ne7 12. c4 Be6 13. Ba3 Rfe8 14. c5 Ba5 15. c3 Nd5 16. c4 Bxe1 17. cxd5 Bxd5 18. Ba4 c6 19. Rxe1 f5 20. bxc6 bxc6 21. Nc3 Red8 22. h3 e4 23. Bb2 Rab8 24. Ba1 a5 25. Nxd5 cxd5 26. Bc6 Rbc8 27. Bb7 Rxc5 28. Kh2 d4 29. Rd1 d3 30. a3 Rc2 31. Ba6 d2 32. Be2 Rdc8 33. Bd4 Rd8 34. Be3 h6 35. h4 Kf7 36. Kg3 Kf6 37. Kf4 g5+ 38. hxg5+ hxg5+ 39. Kg3 f4+ 40. Bxf4 gxf4+ 41. Kxf4 Ra2 42. Ke3 Rxa3+ 43. Kf4 Rc3 44. g4 a4 45. g5+ Kg6 46. Ra1 a3 47. f3 exf3 48. Bxf3 Rc1 49. Ra2 d1Q 50. Bxd1 Rcxd1 51. Rxa3 Rf1+ 52. Kg4 Rd4+ 53. Kh3 Rh1+ 54. Kg3 Rg1+ 55. Kh3 Rxg5 56. Kh2 Rh4+ 57. Rh3 Rxh3+ 58. Kxh3 Kf5 59. Kh2 Kf4 60. Kh3 Rh5+ 61. Kg2 Rc5 62. Kh3 Rc8 63. Kg2 Rc3 64. Kh2 Kg4 65. Kg2 Rc2+ 66. Kf1 Kf3 67. Ke1 Rh2 68. Kd1 Ke3 69. Kc1 Kd3 70. Kb1 Kc3 71. Ka1 Kb3 72. Kb1 Rh1# 0-1

[Event "FRA-ch Blitz Online Qual"]
[Site "Europe Echecs INT"]
[Date "2020.05.16"]
[Round "11"]
[White "Hue, Victor"]
[Black "Nguyen, Thao Nhi"]
[Result "1-0"]
[WhiteElo "2038"]
[BlackElo "1951"]
[PlyCount "71"]
[EventDate "2020.05.16"]
[EventType "swiss (blitz)"]
[EventRounds "15"]
[EventCountry "FRA"]
[SourceTitle "CBM 196 Extra"]
[Source "ChessBase"]
[SourceDate "2020.07.31"]
[SourceVersion "1"]
[SourceVersionDate "2020.07.31"]
[SourceQuality "1"]

1. e4 Nf6 2. e5 Nd5 3. d4 d6 4. c4 Nb6 5. exd6 exd6 6. Nc3 Nc6 7. Nf3 Be7 8. Be3 Bg4 9. Be2 0-0 10. b3 d5 11. c5 Nc8 12. h3 Bf5 13. 0-0 Bf6 14. a3 Be4 15. b4 a5 16. b5 N6e7 17. a4 Nf5 18. Qd2 Nxe3 19. Qxe3 Re8 20. Qf4 Re6 21. Rfd1 Ne7 22. Nh2 Ng6 23. Qg4 h5 24. Qxh5 Nf4 25. Qg4 Nxe2+ 26. Nxe2 Bh4 27. Nf4 Rh6 28. Qe2 Qf6 29. g3 Bg5 30. Ng4 Qf5 31. Nxh6+ Bxh6 32. Qg4 Qxg4 33. hxg4 Re8 34. Ra3 g6 35. f3 Bc2 36. Rd2 1-0

[Event "FRA-ch U14"]
[Site "Agen"]
[Date "2018.04.22"]
[Round "9"]
[White "Nguyen, Thao Nhi"]
[Black "Tomasi, Elise"]
[Result "0-1"]
[WhiteElo "1861"]
[BlackElo "1689"]
[PlyCount "78"]
[EventDate "2018.04.15"]
[EventType "swiss"]
[EventRounds "9"]
[EventCountry "FRA"]
[SourceTitle "EXT 2019"]
[Source "ChessBase"]
[SourceDate "2018.10.10"]
[SourceVersion "1"]
[SourceVersionDate "2018.10.10"]
[SourceQuality "1"]

1. e4 e5 2. Nf3 Nc6 3. Nc3 Nf6 4. d4 Bb4 5. Nxe5 0-0 6. Nxc6 bxc6 7. Bd3 Re8 8. f3 d5 9. e5 c5 10. 0-0 cxd4 11. exf6 dxc3 12. fxg7 Qf6 13. bxc3 Bxc3 14. Rb1 Qxg7 15. Bf4 Qd4+ 16. Kh1 Qxf4 17. Bxh7+ Kxh7 18. Qd3+ Bf5 19. Qxc3 d4 20. Qc4 Kg7 21. Rbd1 Rh8 22. Qxd4+ Qxd4 23. Rxd4 Be6 24. a3 c5 25. Rd6 Rhd8 26. Rfd1 Rxd6 27. Rxd6 Rb8 28. h4 Rb1+ 29. Kh2 Rc1 30. Rd2 c4 31. Re2 c3 32. a4 Bf5 33. Kg3 Rxc2 34. Kf2 Rxe2+ 35. Kxe2 a5 36. Kd1 Bd3 37. g3 Kf6 38. Kc1 Ke5 39. Kd1 Kd4 0-1

[Event "EU-ch U12 Girls 27th"]
[Site "Mamaia"]
[Date "2017.09.14"]
[Round "9"]
[White "Kochinyan, Hasmik"]
[Black "Nguyen, Thao Nhi"]
[Result "1/2-1/2"]
[WhiteElo "1408"]
[BlackElo "1747"]
[PlyCount "108"]
[EventDate "2017.09.05"]
[EventType "swiss"]
[EventRounds "9"]
[EventCountry "ROU"]
[SourceTitle "EXT 2018"]
[Source "ChessBase"]
[SourceDate "2017.10.13"]
[SourceVersion "1"]
[SourceVersionDate "2017.10.13"]
[SourceQuality "1"]

1. d4 Nf6 2. Nf3 b6 3. e3 Bb7 4. Bd3 e6 5. b3 Be7 6. Bb2 c5 7. 0-0 0-0 8. Nbd2 Nc6 9. c4 cxd4 10. exd4 d5 11. Ne5 dxc4 12. Nxc6 Bxc6 13. bxc4 Qc7 14. Nf3 Qf4 15. Ne5 Bb7 16. Bc1 Qh4 17. Re1 Rfd8 18. Be3 Nd7 19. g3 Qf6 20. f4 Bb4 21. Nxd7 Rxd7 22. Qa4 Qe7 23. Re2 Bd6 24. Rc1 Bc7 25. Rb2 Rdd8 26. Qc2 Rac8 27. Bxh7+ Kh8 28. Be4 Bxe4 29. Qxe4 Bd6 30. Rbc2 Ba3 31. Rd1 Rc7 32. Qd3 Bb4 33. Qb3 Rdc8 34. a3 Bd6 35. a4 Qf6 36. Rdc1 Qf5 37. Qb5 Qxb5 38. axb5 Ba3 39. Ra1 Be7 40. Rac1 Ba3 41. Ra1 Be7 42. Rca2 Rxc4 43. Rxa7 Bf6 44. Rxf7 Rb4 45. Raa7 Rxb5 46. g4 Rc2 47. Ra1 Kg8 48. Rb7 Rb4 49. g5 Bxd4 50. Bxd4 Rxd4 51. g6 Rxf4 52. Ra8+ Rf8 53. Raa7 Rc1+ 54. Kg2 Rc2+ 1/2-1/2

[Event "EU-ch U12 Girls 27th"]
[Site "Mamaia"]
[Date "2017.09.11"]
[Round "6"]
[White "Nguyen, Thao Nhi"]
[Black "Katter, Katharina"]
[Result "0-1"]
[WhiteElo "1747"]
[BlackElo "1591"]
[PlyCount "64"]
[EventDate "2017.09.05"]
[EventType "swiss"]
[EventRounds "9"]
[EventCountry "ROU"]
[SourceTitle "CBM 180 Extra"]
[Source "ChessBase"]
[SourceDate "2017.10.06"]
[SourceVersion "1"]
[SourceVersionDate "2017.10.06"]
[SourceQuality "1"]

1. e4 e5 2. Nf3 Nc6 3. Nc3 Nf6 4. d4 exd4 5. Nxd4 Bb4 6. Nxc6 bxc6 7. Bd3 0-0 8. 0-0 Re8 9. Bg5 h6 10. Bh4 g5 11. Bg3 Bxc3 12. bxc3 Nxe4 13. Qh5 Kg7 14. Rae1 Nf6 15. Qf3 Bb7 16. Qf5 d6 17. Rb1 Bc8 18. Qf3 Bd7 19. h3 Rb8 20. Rb3 Rxb3 21. cxb3 c5 22. c4 Qa8 23. Qd1 Bc6 24. f3 Re3 25. Qd2 Qe8 26. Bf2 Re5 27. f4 gxf4 28. Qxf4 Rg5 29. g4 Nh5 30. Qh2 Qe5 31. Qxe5+ Rxe5 32. gxh5 Rg5+ 0-1